LIBRARY & INFORMATION CENTRE, KCAET, TAVANUR

ONLINE PUBLIC ACCESS CATALOGUE (OPAC)

The Everglades Experiments:Lessons for Ecosystem Restoration (Record no. 13852)

MARC details
000 -LEADER
fixed length control field 00309nam a22001217a 4500
020 ## - INTERNATIONAL STANDARD BOOK NUMBER
ISBN 9780387987965
082 ## - DEWEY DECIMAL CLASSIFICATION NUMBER
Classification number 581.5 RIC/EV
100 ## - MAIN ENTRY--AUTHOR NAME
Personal name Richardson, Curtis J.
245 ## - TITLE STATEMENT
Title The Everglades Experiments:Lessons for Ecosystem Restoration
260 ## - PUBLICATION, DISTRIBUTION, ETC. (IMPRINT)
Place of publication New York
Name of publisher Springer
Year of publication 2008
300 ## - PHYSICAL DESCRIPTION
Number of Pages 699
942 ## - ADDED ENTRY ELEMENTS (KOHA)
Koha item type Books
Holdings
Withdrawn status Lost status Damaged status Collection code Home library Current library Shelving location Date acquired Source of acquisition Cost, normal purchase price Full call number Accession Number Koha item type
      Reference KAUAET KAUAET Reference 31/03/2012 Universal Research Books, Thrissur 8114.96 581.5 RIC/EV 23364 Books
free website counter